Mass media in India 1978 (Record no. 1274799)

MARC details
000 -LEADER
fixed length control field 00487nam a2200169Ia 4500
005 - DATE AND TIME OF LATEST TRANSACTION
control field 20250326124709.0
008 - FIXED-LENGTH DATA ELEMENTS--GENERAL INFORMATION
fixed length control field 250326s9999 xx 000 0 und d
037 ## - SOURCE OF ACQUISITION
Stock number Textbook
040 ## - CATALOGING SOURCE
Original cataloging agency FMSL
Language of cataloging eng
Transcribing agency FMSL
041 ## - LANGUAGE CODE
Language code of text/sound track or separate title eng
Source of code eng
084 ## - COLON CLASSIFICATION NUMBER
Classification number X#.44 L8
Assigning agency FMSL
245 #0 - TITLE STATEMENT
Title Mass media in India 1978
260 ## - PUBLICATION, DISTRIBUTION, ETC.
Place of publication, distribution, etc. Delhi
Name of publisher, distributor, etc. Delhi, Minikstry Of Information And Broadcasting Government Of India
Date of publication, distribution, etc. 1978
300 ## - PHYSICAL DESCRIPTION
Extent 285p
942 ## - ADDED ENTRY ELEMENTS (KOHA)
Koha item type Textbook
Classification part X#.44 L8
Holdings
Withdrawn status Lost status Damaged status Not for loan Home library Current library Date acquired Total Checkouts Full call number Barcode Date last seen Price effective from Koha item type
        Faculty of Management Library Faculty of Management Library 2025-03-26   X#.44 L8 ML0590261 2025-03-26 2025-03-26 Textbook
Copyright @ Delhi University Library System